Geometría infantil

Gespeichert in:
Bibliographische Detailangaben
1. Verfasser: Correa, Alberto
Format: Buch
Erschienen: Mérida Imp. de José Gamboa Guzmán 1882
Katalog:MANES:  Suchergebnis im Bibliothekskatalog
Schulbuchspezifische Eigenschaften:
Tags: Tag hinzufügen
Keine Tags, Fügen Sie den ersten Tag hinzu!
Hinzugefügt zu:04.12.2018
Geändert in:05.04.2022

MARC

LEADER 00000nam a2200000 4500
005 20220406014854.0
008 181205b xxu||||| |||| 00| 0 sp d
040 |a centro_manes   |c universidad_colima 
100 |9 17523  |a Correa, Alberto 
245 |a Geometría infantil  
260 |a Mérida   |b Imp. de José Gamboa Guzmán   |c 1882 
300 |a 52 p.   |c 16 cm. 
500 |a Aparece: Francisco Ziga, "Bibliografía Pedagógica. Libros de texto para enseñanza primaria:1850-1970 V. Libros de Matemáticas" en Boletín del Instituto de Investigaciones Bibliográficas 1981-1982, Biblioteca Nacional, Hemeroteca Nacional, Universidad Nacional Autónoma de México, Nos. 18 - 19,p.31.   |a Dedicada a las escuelas municipales del Estado de Tabasco  
690 0 |a MATE 
691 0 |a PRI 
942 |2 ddc  |c BK 
999 |c 53641  |d 53641 
999 |c manes:53641  |d 53641